| 000 | 01136nas a2200229 i 4500 | ||
|---|---|---|---|
| 001 | 1296 | ||
| 003 | ES-MaACL | ||
| 005 | 20250721062534.0 | ||
| 008 | 950801d18411940fr | | 1 ||re d | ||
| 080 | _a44 | ||
| 245 | 0 | 0 |
_aJournal des économistes _b: revue mensuelle de l'économie politique, des questions agricoles, manufacturières et commerciales. |
| 260 |
_aParis : _bChez Guillaumin, etc, _c1841-1940. |
||
| 300 |
_a261 v. ; _c24 cm. |
||
| 310 | _aMensual | ||
| 362 | 0 | _aT. 1, n° 1 (1841, déc.)-t. 37, n° 152 (1853, déc.) ; 2e s., t. 1, n° 1 (1854, janv.)-t. 48, n° 144 (1865, déc.) ; 3e s., t. 1, n° 1 (1866, janv.)-t. 48, n° 144 (1877, janv.) ; 4e s., t. 1, n° 1 (1878, janv.)-t. 48, n° 12 (1889, déc.) ; 5e s., t. 1, n° 1 (1890, janv.)-t. 56, n° 3 (1903, déc.) ; 6e s., t. 1, n° 1 (1904, janv.)-t. 110, n° 2 (1940, mars/avr.) | |
| 500 | _aIndices que comprenden de 1841-1904. | ||
| 650 | 1 | 7 |
_aEconomía _2embne _912006 |
| 700 | 1 |
_aAupetit, M. Albert, _edir. _9194154 |
|
| 852 |
_aES-MaACL _jHem-333 |
||
| 866 | 0 | _o(1843)1844-1914(1915f.t.XLVII)1916-34(1935f.jul.-ago.)(1936). | |
| 999 |
_c1296 _d1296 |
||